000 00703nam a2200217 a 4500
999 _c6394
_d6394
001 6394
003 BD-JhCC
005 20180122183953.0
008 180122s1979 bg ||||| ||a| 00| 0 en d
035 _a(BD-JhCC)6394
040 _aBD-JhCC
_dBD-JhCC
041 _aeng
082 _a332.1091767
_bMOU 1979
100 _aমওদুদী,সাইয়েদ আবুল আ'লা
245 _aসূদ ও আধুনিক ব্যাংকিং /
_cসাইয়েদ আবুল আ'লা মওদুদী
260 _aঢাকা :
_bআধুনিক প্রকাশনী,
_c1979.
300 _a302 p. :
_c22 cm.
650 _aBanking
942 _2ddc
_cBK